000 00298nam a22001337a 4500
008 181022b xxu||||| |||| 00| 0 eng d
020 _a9781285449425
041 _aeng
080 _28th
_a510
100 _a36
101 _aMAT
245 _aAlgebra& Trigonometry
_cAufmann,R.N
942 _2udc
_cBK
999 _c50420
_d50420